000 00669nam a22001937a 4500
999 _c172509
_d172509
005 20200206124408.0
010 _aA-412495
020 _c60.00
_a-
035 _aA-412495
037 _bDBAD/PUB
_a-
082 _a843.08
100 _aمر تبہ:و ہا ب ا شر فی
245 _aبہا ر ميں ا ر د و ا فسا نہ نگا ر ی
_cمر تبہ:و ہا ب ا شر فی
246 _bBihar mein Urdu Afsana Nigari (Urdu)
_aEdited by Wahab Ashrafi
260 _aPatna
_bBihar Urdu Academy
_c1989 ء
270 _aUrdu Bhawan Ashok Raj Path
_bPatna
_e4
_k-
_l-
300 _a752 ص
_c22 Cm(Hb)
942 _2ddc
_cUR
_h843.08
_mو ہ ا